Dispute processes : ADR and the primary forms of decision-making /

محفوظ في:
التفاصيل البيبلوغرافية
المؤلف الرئيسي: Palmer Michael
مؤلفون آخرون: Roberts, Simon
التنسيق: كتاب
منشور في: New York : Cambridge University Press, c2005.
الموضوعات:
الوصول للمادة أونلاين:http://www.loc.gov/catdir/enhancements/fy0633/2006272901-d.html
http://www.loc.gov/catdir/enhancements/fy0633/2006272901-t.html
http://www.loc.gov/catdir/enhancements/fy0732/2006272901-b.html
الوسوم: إضافة وسم
لا توجد وسوم, كن أول من يضع وسما على هذه التسجيلة!

MARC

LEADER 00000cam a2200000 a 4500
005 20260414075146.0
020 |a 9780521676014  |c TZS 170,664/= 
040 |a MCCL  |b eng.  |e AACR 2nd rev. ed. 
082 0 0 |a 347.09 ROB 
100 1 |a Palmer Michael  
245 1 0 |a Dispute processes :  |b ADR and the primary forms of decision-making /  |c Simon Roberts & Michael Palmer. 
260 |a New York :  |b Cambridge University Press,  |c c2005. 
300 |a xviii, 389 p.:  |c 23 cm. 
504 |a Includes bibliographical references (p. 365-378) and index. 
546 |a eng. 
650 0 |a Dispute resolution (Law) 
700 1 |a Roberts, Simon 
856 4 2 |u http://www.loc.gov/catdir/enhancements/fy0633/2006272901-d.html 
856 4 1 |u http://www.loc.gov/catdir/enhancements/fy0633/2006272901-t.html 
856 4 2 |u http://www.loc.gov/catdir/enhancements/fy0732/2006272901-b.html 
942 |c BK 
999 |c 12589  |d 12589